| 000 | 01656cam a2200385 a 4500 | ||
|---|---|---|---|
| 001 | 16577858 | ||
| 005 | 20170105102855.0 | ||
| 008 | 101213s2009 enka b 001 0 eng d | ||
| 010 | _a 2010485389 | ||
| 015 |
_aGBA976355 _2bnb |
||
| 016 | 7 |
_a015341302 _2Uk |
|
| 020 | _a9780230551534 (alk. paper) | ||
| 020 | _a023055153X (alk. paper) | ||
| 035 | _a(OCoLC)ocn226357034 | ||
| 040 |
_aUKM _cUKM _dBTCTA _dBAKER _dYDXCP _dBWKUK _dBWK _dCFT _dW2U _dGEBAY _dEUM _dDLC |
||
| 042 |
_aukblcatcopy _alccopycat |
||
| 050 | 0 | 0 |
_aBF698.35.C45 _bP68 2009 |
| 082 | 0 | 4 |
_a422 _222 |
| 100 | 1 |
_aPotts, John, _d1959- |
|
| 245 | 1 | 2 |
_aA history of charisma / _cby John Potts. |
| 260 |
_aHoundmills, Basingstoke, Hampshire ; _aNew York : _bPalgrave Macmillan, _c2009. |
||
| 300 |
_ax, 265 p. : _bill. ; _c23 cm. |
||
| 504 | _aIncludes bibliographical references (p. 249-258) and index. | ||
| 520 | 8 | _aThis text traces the history of the word 'charisma', and the various meanings assigned to it, from its first century origins in Christian theology to its manifestations in 21st century politics and culture, while considering how much of the word's original religious meaning persists in the contemporary secular understanding. | |
| 648 | 7 |
_aGeschichte _2swd |
|
| 650 | 0 |
_aCharisma (Personality trait) _xHistory. |
|
| 650 | 0 |
_aPentecostalism _xHistory. |
|
| 650 | 0 |
_aEnglish language _xEtymology. |
|
| 650 | 0 |
_aEnglish language _xWord formation. |
|
| 650 | 0 |
_aEnglish language _xHistory. |
|
| 650 | 0 | 7 |
_aCharisma _2swd |
| 906 |
_a7 _bcbc _ccopycat _d2 _encip _f20 _gy-gencatlg |
||
| 942 |
_2ddc _cBK |
||
| 999 |
_c14457 _d14457 |
||